My Shot - Statistics

General Stats
  • This quiz has been taken 29 times
  • The average score is 256 of 497
Answer Stats
Lyric % Correct
a
100%
A
100%
I
100%
N
100%
no
100%
not
100%
shot
100%
am
95%
and
95%
my
95%
away
90%
country
90%
hungry
90%
I'm
90%
just
90%
L
90%
like
90%
scrappy
90%
throwing
90%
yo
90%
you
90%
young
90%
D
85%
E
80%
he
80%
R
80%
the
80%
to
80%
in
75%
King
75%
of
75%
be
70%
get
70%
me
70%
but
65%
College
65%
King's
65%
on
65%
scholarship
65%
X
65%
are
60%
as
60%
got
60%
Imma
60%
we
60%
with
60%
amaze
55%
astonish
55%
brag
55%
every
55%
is
55%
know
55%
knowledge
55%
meant
55%
word
55%
brains
50%
coal
50%
diamond
50%
drop
50%
lot
50%
piece
50%
polish
50%
rough
50%
shiny
50%
shouldn't
50%
ayo
45%
Britain
45%
City
45%
colder
45%
colony
45%
heard
45%
mind
45%
New
45%
nineteen
45%
older
45%
only
45%
power
45%
runs
45%
so
45%
speech
45%
streets
45%
these
45%
tryna
45%
unimpeachable
45%
York
45%
dag
40%
endlessly
40%
goal
40%
gotta
40%
holler
40%
independently
40%
it
40%
it's
40%
It's
40%
keep
40%
keeps
40%
reach
40%
that
40%
us
40%
disadvantage
35%
do
35%
don't
35%
gonna
35%
have
35%
manage
35%
meanwhile
35%
out
35%
shoulder
35%
this
35%
walk
35%
burden
30%
famished
30%
flame
30%
getting
30%
gun
30%
into
30%
learned
30%
let
30%
name
30%
plan
30%
problem
30%
spark
30%
spell
30%
fan
25%
I've
25%
around
20%
brandish
20%
dark
20%
essentially
20%
free
20%
George
20%
never
20%
oh
20%
relentlessly
20%
spending
20%
spree
20%
take
20%
tax
20%
they
20%
when
20%
ain't
15%
dream
15%
his
15%
life
15%
monarchy
15%
prob'ly
15%
revolution
15%
set
15%
then
15%
there
15%
time
15%
will
15%
without
15%
anarchy
10%
century
10%
descendants
10%
enter
10%
France
10%
if
10%
lead
10%
look
10%
or
10%
say
10%
says
10%
see
10%
turns
10%
unrest
10%
all
5%
Black
5%
blacker
5%
bunch
5%
Burr
5%
calling
5%
check
5%
conventional
5%
eventually
5%
fight
5%
give
5%
gods
5%
hard
5%
hatch
5%
hot
5%
how
5%
kettle
5%
Lafayette
5%
Lancelot
5%
Laurens
5%
let's
5%
make
5%
Mister
5%
odds
5%
one
5%
panicky
5%
pants
5%
plot
5%
poppin'
5%
pot
5%
put
5%
rock
5%
spot
5%
squat
5%
talk
5%
than
5%
think
5%
what
5%
wisdom
5%
would
5%
you'll
5%
your
5%
you're
5%
abolitionists
0%
advance
0%
another
0%
apprentice
0%
ascendancy
0%
batallion
0%
bondage
0%
book
0%
carefully
0%
chance
0%
choices
0%
cuz
0%
die
0%
double
0%
down
0%
first
0%
fraught
0%
geniuses
0%
history
0%
instead
0%
joining
0%
knuckleheads
0%
lay
0%
loco
0%
lower
0%
man
0%
manumission
0%
mentions
0%
other
0%
parentheses
0%
parentis
0%
pooping
0%
postion
0%
rebellion
0%
revolutionary
0%
rights
0%
sally
0%
same
0%
sets
0%
sewing
0%
shocked
0%
side
0%
situation
0%
socially
0%
some
0%
stallion
0%
tailor's
0%
taught
0%
those
0%
till
0%
trouble
0%
truly
0%
until
0%
voices
0%
wait
0%
we'll
0%
y'all
0%
No matching quizzes found
Score Distribution
Percent of People with Each Score
Percentile by Number Answered
Your Score History
You have not taken this quiz